|
|
|
|
| LEADER |
00000nam a2200000 4500 |
| 008 |
190201b1988 cr ||||| |||| 00| 0 spa d |
| 999 |
|
|
|c 3611
|d 3611
|
| 090 |
|
|
|a Tesis # 8
|
| 100 |
|
|
|9 4410
|a Castro Paniagua, Sandra
|
| 245 |
1 |
0 |
|a Mujer y depresión /
|c María del Carmen Brenes Marín, Sandra Castro Paniagua, Roxana Pinto López
|
| 260 |
|
|
|a [San José, Costa Rica] :
|c 1988
|
| 300 |
|
|
|a [358] hojas
|
| 502 |
|
|
|a Seminario de graduacion (licenciatura en antropologia)--Universidad de Costa Rica. Facultad de Ciencias Sociales. Escuela de Antropologia y Sociologia, 1988.
|
| 650 |
1 |
4 |
|9 55
|a MUJERES
|
| 650 |
1 |
4 |
|9 4
|a SALUD DE LA MUJER
|
| 700 |
|
|
|9 4411
|a Brenes Marín, María del Carmen
|
| 700 |
|
|
|9 4412
|a Pinto López, Roxana
|
| 942 |
|
|
|i 00107,00108
|h Tesis # 8
|2 z
|c 02
|